000 00271nam a2200109Ia 4500
008 240625s9999 xx 000 0 und d
041 _aeng
082 _a332.0285554 SEN
100 _aSENGUPTA CHANDAN
245 _aFINANCIAL ANALYSIS AND MODELING USING EX
260 _c2004
999 _c40345
_d40345